"Controllingový" model řízení

Dobre fungujúci a kooperujúci manažérsky tím zložený z profesionálov napomáha dosiahnuť firemné ciele. Pre zabezpečenie dobrej komunikácie a motivácie manažérskeho tímu je potrebné zvoliť model riadenia ako odrazový mostík pre manažérske rozhodovanie. Konkurenčnou zbraňou pragmaticky zmýšľajúcich ma...

Descrizione completa

Salvato in:
Dettagli Bibliografici
Autore principale: Podskľan, Adrián
Natura: Capitolo di libro
Lingua:ceco
Soggetti:
Tags: Aggiungi Tag
Nessun Tag, puoi essere il primo ad aggiungerne!!

MARC

LEADER 00000naa$a2200000$$$4500
001 0106589
005 20231213141129.1
041 0 |a cze 
044 |a CZ 
245 1 0 |a "Controllingový" model řízení  |c Adrián Podskľan 
520 |a Dobre fungujúci a kooperujúci manažérsky tím zložený z profesionálov napomáha dosiahnuť firemné ciele. Pre zabezpečenie dobrej komunikácie a motivácie manažérskeho tímu je potrebné zvoliť model riadenia ako odrazový mostík pre manažérske rozhodovanie. Konkurenčnou zbraňou pragmaticky zmýšľajúcich manažérov sa stala rýchlosť, prehladnosť a presnosť informácií. Manažéri, aby obstáli v konkurencii, uplatňujú model riadenia charakterizovaný zásadami kontrolingu: transparentnosť, kontrolovateľnosť, prehladnosť a včasnosť. Kto chce uspieť na trhu v období finančnej krízy, musí do podnikania priniesť niečo nové. 
610 2 0 |a riadenie podnikové 
610 2 0 |a manažment 
610 2 0 |a manažéri 
610 2 0 |a rozhodovanie manažérske 
610 2 0 |a kontroling 
100 1 |a Podskľan, Adrián